书目信息 |
| 题名: |
财务报表分析技术
|
|
| 作者: | 薛隽 , 汤震宇 , 马军生 编著 | |
| 分册: | ||
| 出版信息: | 上海 复旦大学出版社 2004.11 |
|
| 页数: | 390页 | |
| 开本: | 23cm | |
| 丛书名: | 注册金融分析师系列 | |
| 单 册: | ||
| 中图分类: | F231.5 | |
| 科图分类: | ||
| 主题词: | 会计报表--会计分析 | |
| 电子资源: | ||
| ISBN: | 7-309-04214-X | |
| 000 | 00856nam 2200265 450 | |
| 001 | 0153136093 | |
| 005 | 20050523163805.87 | |
| 010 | @a7-309-04214-X@dCNY39.00 | |
| 100 | @a20050305d2004 km y0chiy0120 ea | |
| 101 | 0 | @achi |
| 102 | @aCN@b310000 | |
| 105 | @ay a 000yy | |
| 200 | 1 | @a财务报表分析技术@Acai wu bao biao fen xi ji shu@f马军生, 薛隽, 汤震宇编著@Fma jun sheng,xue juan,tang zhen yu bian zhu |
| 210 | @a上海@c复旦大学出版社@d2004.11 | |
| 215 | @a390页@d23cm | |
| 225 | 2 | @a注册金融分析师系列@f俞乔主编 |
| 320 | @a有书目 (第388页)。 | |
| 410 | 0 | @12001 @a注册金融分析师系列@1701 0@a俞乔@Ayu qiao@4主编 |
| 606 | 0 | @a会计报表@x会计分析 |
| 690 | @aF231.5@v4 | |
| 701 | 0 | @a薛隽@Axue juan@4编著 |
| 701 | 0 | @a汤震宇@Atang zhen yu@4编著 |
| 701 | 0 | @a马军生@Ama jun sheng@4编著 |
| 801 | 0 | @aCN@bQSSK@c20050523 |
| 905 | @dF231.5@eX953 | |
| 财务报表分析技术/马军生, 薛隽, 汤震宇编著.-上海:复旦大学出版社,2004.11 |
| 390页;23cm.-(注册金融分析师系列/俞乔主编) |
| ISBN 7-309-04214-X:CNY39.00 |
| ● |
| 相关链接 |
|
|
|
正题名:财务报表分析技术
索取号:F231.5/X953
 
预约/预借
| 序号 | 登录号 | 条形码 | 馆藏地/架位号 | 状态 | 备注 |
| 1 | 498537 | 204985374 | 社科二线422/409社科库 76排1列3层/ [索取号:F231.5/X953] | 在馆 | |
| 2 | 498538 | 204985383 | 社科二线422/422社科库 25排4列1层/ [索取号:F231.5/X953] | 在馆 | |
| 3 | 498539 | 204985392 | 社科库409/409社科库 76排1列3层/ [索取号:F231.5/X953] | 在馆 |